Представление документа в формате RUSMARC

ПолеНазваниеЗначение
  Тип записи a
  Библиографический уровень m
001 Контрольный номер 9d30d18a-eb70-47ab-a657-4a1374addb7e
005 Дата корректировки 20140506144544.7
010 Индекс ISBN __
a ISBN 978-5-9693-0133-7(рус.)
d Цена 1699р. 00к.
100 Данные общей обработки __
a Данные общей обработки 20090825 |||y0 y0189 ca
101 Язык документа __
a Язык текста rus
105 Кодированные данные (монография) __
a Кодированные данные (монография) zy
200 Заглавие и сведения об ответственности 0_
a Заглавие Организация международного управления денежными средствами.Практическое руководство по управлению денежными потоками, ликвидностью, оборотным капиталом и краткосрочными финансовыми рисками [текст]
f Первые сведения об ответственности Л.Вилен,В. Альфен и др.
210 Выходные данные __
a Место издания М.
c Издательство Олимп-Бизнес
d Дата издания 2009
215 Физическое описание __
a Объем 448с.
c Иллюстрации/тип воспроизводства ил.
606 Тематические рубрики __
a Основная рубрика Финансы
610 Ключевые слова __
a Ключевые слова управление денежными средствами
a Ключевые слова транснациональная корпорация
675 Индекс УДК __
a Индекс УДК 339.72
686 Индексы других классификаций __
a Классификационный индекс 65.268
2 Код системы rubbk
801 Источник записи _0
a Страна RU
b Организация ККИ
c Дата составления 20090825
899 Данные о местонахождении __
b Место хранения УчФ_Краснодарский филиал
t Номер экземпляра 1
h Классификационная часть РШ 336
i Авторский знак О641
p Штрих-код 80878
901 Тип документа __
t Тип документа m
938 Служебная информация __
a Название организации Краснодарский филиал
b Имя БД OUTPUT.MRC
c Название АИБС АИБС Библиотека